00748 2200265 4500001002100000005001700021008004100038020001800079035002400097082001300121090002000134100002000154245010200174250001100276260002500287300001900312440002600331500003800357650001900395700001800414850001600432980001300448985000600461999001500467YOGYA-0209000001724220090227022733.0 ind  a979-431-161-6 0010-020900000017242 a616.8527 a616.8527bSan W aSANDERS, Deidre aWanita dan depresibpetunjuk pertolongan diri praktiscDeider Sanders ; alih bahasa, Ediati KAmil aCet. 4 aJAkartabArcanc1992 a180 hlmc19 cm aSeri kesehatan wanita aJudul asli : Womwn and depression aDepresi mental aKamil, Ediati aYOPDYOG (B) a23-01-06 a1 a95P0065800